[Event "GER-chT Betriebe"]
[Site "Berlin"]
[Date "2006.10.07"]
[Round "6.4"]
[White "Pavon, Manuel"]
[Black "Dallmann, Karl"]
[Result "0-1"]
[WhiteElo "1363"]
[BlackElo "1400"]
[PlyCount "72"]
[EventDate "2006.10.05"]
[EventType "team-tourn"]
[EventRounds "7"]
[EventCountry "GER"]
[SourceTitle "EXT 2020"]
[Source "ChessBase"]
[SourceDate "2019.10.17"]
[SourceVersion "1"]
[SourceVersionDate "2019.10.17"]
[SourceQuality "1"]
[WhiteTeam "Muenchen Europ Patentamt II"]
[BlackTeam "Bremen Airbus II"]
[WhiteTeamCountry "GER"]
[BlackTeamCountry "GER"]

1. e4 e5 2. Nf3 Nf6 3. Nxe5 Nxe4 4. d3 Nf6 5. Bg5 Be7 6. Qf3 d6 7. Bxf6 Bxf6 8. Ng4 Bxb2 9. Be2 Bxa1 10. c3 Nc6 11. 0-0 Bxg4 12. Qe3+ Qe7 13. Qxe7+ Nxe7 14. Bxg4 0-0 15. Rc1 Rfe8 16. Bf3 c6 17. d4 Ng6 18. g3 Re7 19. Nd2 Bb2 20. Rc2 Re1+ 21. Kg2 Bc1 22. h4 Bxd2 23. Rxd2 Rae8 24. Bd1 Ne7 25. c4 g6 26. f3 Nf5 27. Kf2 R1e7 28. a4 b6 29. Be2 Re3 30. d5 c5 31. Bd3 Nd4 32. Be4 Nxf3 33. Bxf3 Ra3 34. Bd1 Ree3 35. Rb2 Rxg3 36. Ke2 Rg2+ 0-1

[Event "GER-chT Betriebe"]
[Site "Berlin"]
[Date "2006.10.05"]
[Round "2.4"]
[White "Pavon, Manuel"]
[Black "Evers, Wolfgang"]
[Result "0-1"]
[WhiteElo "1363"]
[BlackElo "1741"]
[PlyCount "75"]
[EventDate "2006.10.05"]
[EventType "team-tourn"]
[EventRounds "7"]
[EventCountry "GER"]
[SourceTitle "EXT 2007"]
[Source "ChessBase"]
[SourceDate "2006.11.23"]
[SourceVersion "1"]
[SourceVersionDate "2006.11.23"]
[SourceQuality "1"]
[WhiteTeam "Muenchen Europ Patentamt II"]
[BlackTeam "Duesseldorf Provinzial"]
[WhiteTeamCountry "GER"]
[BlackTeamCountry "GER"]

1. e4 c6 2. d4 d5 3. e5 Bf5 4. Bd3 Bxd3 5. Qxd3 e6 6. Nf3 Nd7 7. Ng5 c5 8. Qf3 Qe7 9. c3 h6 10. Qh3 cxd4 11. cxd4 Qb4+ 12. Nc3 Qxd4 13. Nf3 Qb6 14. 0-0 Ne7 15. Na4 Qc7 16. Re1 Nc6 17. Bf4 Nb4 18. Nd2 Qa5 19. Qc3 Qxa4 20. b3 Qc6 21. Rac1 Qxc3 22. Rxc3 Nxa2 23. Rc7 Nb4 24. Rxb7 Nd3 25. Re3 Nxf4 26. Rc3 Ne2+ 27. Kf1 Nxc3 28. Rc7 Bb4 29. f4 Nc5 30. Nf3 Nxb3 31. Ne1 a5 32. Nc2 d4 33. Nxb4 axb4 34. Ke1 d3 35. Rc6 d2+ 36. Kf2 d1Q 37. Rd6 Ne4+ 38. Ke3 0-1